000 00397nam a2200157Ia 4500
008 160316s1997 xxu||||| |||| 00| 0 eng d
082 _a0.000000
_b
100 _a
245 _aEconomic and political weekly 1966 - 1996
250 _a
260 _aNew Delhi
_bInstitute for Studies in Industrial Developement
_c1997
300 _a331p
_b
_c
365 _bRs275/-
650 _a
700 _a
_a
999 _c11376
_d11376